000 00219nam a22000857a 4500
999 _c4206
_d4206
008 161128b xxu||||| |||| 00| 0 eng d
100 _91480
_aArora.S.
245 _aComputer Science with C++
260 _aNew Delhi
_bDhanpt
_c2012